Music Quiz

Random Music or Broadway Quiz
Score 0/294 Timer 10:00
8 Plays Today
% Correct
I
99%
I
99%
I
99%
I
99%
I
99%
I
99%
I
99%
you
97.1%
you
97.1%
You
97.1%
you
97.1%
you
97.1%
you
97.1%
You
97.1%
You
97.1%
You
97.1%
you
97.1%
you
97.1%
You
97.1%
you
97.1%
You
97.1%
you
97.1%
you
97.1%
you
97.1%
'You
97.1%
You
97.1%
you
97.1%
you
97.1%
you
97.1%
You
97.1%
you
97.1%
You
97.1%
You
97.1%
You
97.1%
you
97.1%
you
97.1%
You, you, you...
97.1%
the
96.7%
the
96.7%
The
96.7%
the
96.7%
the
96.7%
the
96.7%
the
96.7%
The
96.7%
The
96.7%
the
96.7%
the
96.7%
the
96.7%
the
96.7%
me
94.9%
me
94.9%
me
94.9%
me
94.9%
Burn
94.5%
Burn
94.5%
burn
94.5%
Burn
94.5%
burn
94.5%
Let
94.4%
an
94.3%
to
94.2%
to
94.2%
to
94.2%
to
94.2%
to
94.2%
to
94.2%
He
93.2%
He
93.2%
we
92.9%
'Be
92.9%
letter
92.7%
letter
92.7%
When
92.2%
when
92.2%
When
92.2%
when
92.2%
when
92.2%
your
92.1%
your
92.1%
Your
92.1%
your
92.1%
your
92.1%
your
92.1%
Your
92.1%
your
92.1%
wrote
91.9%
wrote
91.9%
wrote
91.9%
Do
91.8%
do
91.8%
Do
91.8%
it
91.5%
it
91.5%
it
91.5%
it
91.5%
said
91.5%
said
91.5%
% Correct
said
91.5%
said
91.5%
said
91.5%
said
91.5%
what
91.4%
what
91.4%
what
91.4%
what
91.4%
what
91.4%
She
91.3%
she
91.3%
she
91.3%
She
91.3%
In
91.1%
In
91.1%
in
91.1%
in
91.1%
in
91.1%
in
91.1%
that
91%
that
91%
that
91%
were
90.9%
were
90.9%
were
90.9%
were
90.9%
were
90.9%
and
90.6%
and
90.6%
And
90.6%
and
90.6%
And
90.6%
know
90.6%
know
90.6%
know
90.6%
every
90.4%
every
90.4%
every
90.4%
mine
90.3%
mine
90.3%
mine
90.3%
mine
90.3%
mine
90.3%
my
90.2%
my
90.2%
my
90.2%
on
89.9%
of
89.5%
of
89.5%
Of
89.5%
will
89.4%
Angelica
89.1%
Angelica
89.1%
love
89%
with
88.8%
with
88.8%
With
88.8%
read
88.2%
read
88.2%
From
88.1%
from
88.1%
one,
88%
have
87.8%
have
87.8%
have
87.8%
have
87.8%
careful
87.6%
our
87.3%
our
87.3%
our
87.3%
our
87.3%
thought
87.2%
takes
87%
I'm
86.8%
I'm
86.8%
I'm
86.8%
I'm
86.8%
saw
86.5%
how
86.3%
How
86.3%
how
86.3%
bed
86.3%
bed
86.3%
bed
86.3%
survive.'
86.2%
knew
86.2%
for
86%
For
86%
first
85.9%
world
85.9%
world
85.9%
world
85.9%
world
85.9%
words
85.6%
words,
85.6%
letters
85.4%
letters
85.4%
letters
85.4%
% Correct
has
85.2%
has
85.2%
has
85.2%
saved
84.9%
them
84.1%
sun.'
83.9%
too
83.8%
married
83.5%
close
83.5%
moment
83.4%
arrive?
83.2%
flown
82.8%
paragraph
82.6%
This
82.3%
out
82.2%
heart
81.7%
heart
81.7%
heart
81.7%
into
81.7%
built
81.4%
built
81.4%
girl
81.1%
Icarus
80.7%
palaces
80.5%
cathedrals
79.7%
her
79.7%
told
79.7%
done?
79.7%
paragraphs
79.4%
sentences
79.2%
sentences
79.2%
lives
79.1%
they
78.9%
They
78.9%
ruined
78.9%
whole
78.8%
brought
78.5%
no
78.4%
no
78.4%
Eliza
78.4%
all
78.4%
all
78.4%
published
77.5%
senses
77.3%
searching
76.6%
name,
76.5%
broke
76.5%
right
76.5%
left
76.3%
Reacted
76.3%
seemed
76.1%
line
76%
myself
75.8%
wonder
75.8%
you'd
75.7%
re-reading
75.7%
place
75.7%
place
75.7%
some
75.1%
historians
75.1%
narrative
75%
hope
74.9%
clearing
74.8%
am
74.7%
erasing
74.7%
defenseless
74.6%
future
74.5%
sign
74.3%
flooded
74%
burning
73.9%
Burning
73.9%
kind
73.7%
scanning
73.6%
legacy...
73.2%
are
73.1%
watching
73%
Watching
73%
memories
72.3%
memories
72.3%
answers
72.1%
office
71.9%
obsessed
71.4%
paranoid
71.2%
don't
71%
sleep
70.9%
senseless
70.2%
border
70.2%
get
70.1%
instead
69.8%
apart
68.7%
torn
68.7%
forfeit
67.2%
forfeit
67.2%
might
66.7%
redeemed
66.5%
perceive
65.1%
rights
64.4%
only
61.8%
Remove Ads.
Support Sporcle.
Get the best of Sporcle when you Go Orange. This ad-free experience offers more features, more stats, and more fun while also helping to support Sporcle. Thank you for becoming a member.

You're not logged in!

Compare scores with friends on all Sporcle quizzes.
OR
Log In

Show Comments

Extras

Top Quizzes Today


Score Distribution

Your Account Isn't Verified!

In order to create a playlist on Sporcle, you need to verify the email address you used during registration. Go to your Sporcle Settings to finish the process.

Report this User

Report this user for behavior that violates our Community Guidelines.

Details: